Návrh riadenia fyzikálneho modelu guľôčka na tyči pomocou vývojovej platformy ARDUINO.

Salvato in:
Dettagli Bibliografici
Autore principale: Ondera, Jakub (Autore)
Altri autori: Volenský, Tomáš (Relatore della tesi)
Natura: Manoscritto Libro
Lingua:slovacco
Pubblicazione: 2015
Soggetti:
Accesso online:http://is.stuba.sk/zp/portal_zp.pl?podrobnosti=99547
Tags: Aggiungi Tag
Nessun Tag, puoi essere il primo ad aggiungerne!!

MARC

LEADER 00000ntm a22000003a 4500
001 stuzp53075
003 SK-STU
005 20160719154354.7
007 ta
008 150427s2015----xo-----f-mn---000-0-slo-d
040 |a STU  |b slo 
041 0 |a slo 
100 1 |a Ondera, Jakub  |u 020020  |4 aut  |U SjF Strojnícka fakulta  |T SjF Ústav automatizácie, merania a aplikovanej informatiky  |X 55335  |U J0020  |Y 802  |7 55335 
242 0 1 |a Design of control of ball and beam system with microcontroller ARDUINO  |y eng 
245 1 0 |a Návrh riadenia fyzikálneho modelu guľôčka na tyči pomocou vývojovej platformy ARDUINO. 
260 |c 2015 
650 4 |a guľôčka na tyči  |2 slo 
650 4 |a PID regulátor  |2 slo 
650 4 |a Arduino  |2 slo 
650 4 |a riadenie  |2 slo 
650 4 |a Ball and Beam  |2 eng 
650 4 |a control  |2 eng 
650 4 |a PID controller  |2 eng 
650 4 |a Arduino  |2 eng 
700 1 |a Volenský, Tomáš  |4 ths  |X 4039  |7 A000004039 
856 4 |u http://is.stuba.sk/zp/portal_zp.pl?podrobnosti=99547 
996 |b 284J043760  |c J* 2050/BP  |l JJSK  |s A  |a 24  |w stuzp53075_0001 
SQL |a stuzp53075  |b DBP  |c SLO  |d Návrh riadenia fyzikálneho modelu guľôčka na tyči pomocou vývojovej platformy ARDUINO.  |e 55335  |f Ondera, Jakub  |g 020020  |h 4039  |i Volenský, Tomáš  |j 20150615  |k 646  |l 02  |m http://is.stuba.sk/zp/portal_zp.pl?podrobnosti=99547  |n B-AISP  |o 5.2.14. automatizácia